Central Library OPAC University of Rajshahi

The making of a personal secretary / (Record no. 14047)

MARC details
000 -LEADER
fixed length control field 00685cam a22002411 4500
001 - CONTROL NUMBER
control field 14047
003 - CONTROL NUMBER IDENTIFIER
rucl marc code BD-RjUL
005 - DATE AND TIME OF LATEST TRANSACTION
control field 20211208235549.0
008 - FIXED-LENGTH DATA ELEMENTS--GENERAL INFORMATION
fixed length control field 140203s1948 enka 000 0 eng
035 ## - SYSTEM CONTROL NUMBER
System control number (BD-RjUL)14099
System control number (OCoLC)4257297
040 ## - CATALOGING SOURCE
Original cataloging agency DLC
Transcribing agency NmLcU
Modifying agency NmLcU
-- DLC
-- BD-RjUL
Language of cataloging eng
041 ## - LANGUAGE CODE
Language code of text/sound track or separate title eng
082 ## - DEWEY DECIMAL CLASSIFICATION NUMBER
Classification number 651.069
Author mark and year ROM 1948
100 1# - MAIN ENTRY--PERSONAL NAME
Personal name Ross, Elizabeth.
9 (RLIN) 43905
245 14 - TITLE STATEMENT
Title The making of a personal secretary /
Statement of responsibility, etc. With some illus. by Kate Hall.
260 ## - PUBLICATION, DISTRIBUTION, ETC. (IMPRINT)
Place of publication, distribution, etc. London :
Name of publisher, distributor, etc. G. Allen and Unwin,
Date of publication, distribution, etc. 1948.
300 ## - PHYSICAL DESCRIPTION
Pagination 104 p. :
Illustrations ill. ;
Size 19 cm.
650 #0 - SUBJECT ADDED ENTRY--TOPICAL TERM
Topical term or geographic name as entry element Private secretaries.
9 (RLIN) 42163
942 ## - ADDED ENTRY ELEMENTS (KOHA)
Source of classification or shelving scheme Dewey Decimal Classification
Koha item type Books
Holdings
Lost status Source of classification or shelving scheme Damaged status Not for loan Collection code Permanent Location Current Location Shelving location Date acquired Source of acquisition Cost, normal purchase price Total Checkouts Full call number Date last seen Copy number Koha item type
  Dewey Decimal Classification   Not For Loan Non-fiction Central Library, University of Rajshahi Central Library, University of Rajshahi Reading Room 15/08/1969 Zeitlinger 6.00   651.069 ROM 1948 03/02/2014 C-1 Books
  Dewey Decimal Classification     Non-fiction Central Library, University of Rajshahi Central Library, University of Rajshahi   15/08/1969 Zeitlinger 6.00   651.069 ROM 1948 04/06/2017 C-3 Books
  Dewey Decimal Classification     Non-fiction Central Library, University of Rajshahi Central Library, University of Rajshahi   15/08/1969 Zeitlinger 6.00   651.069 ROM 1948 04/06/2017 C-2 Books